[Event "Moscow FIDE GP"]
[Site "Moscow"]
[Date "2017.05.21"]
[Round "9"]
[White "Harikrishna, Pentala"]
[Black "Radjabov, Teimour"]
[Result "1/2-1/2"]
[WhiteElo "2750"]
[BlackElo "2710"]
[PlyCount "58"]
[EventDate "2017.05.12"]
[EventType "swiss"]
[EventRounds "9"]
[EventCountry "RUS"]
[SourceTitle "CBM 179"]
[Source "ChessBase"]
[SourceDate "2017.07.12"]
[SourceVersion "1"]
[SourceVersionDate "2017.07.12"]
[SourceQuality "1"]

1. d4 Nf6 2. c4 g6 3. Nc3 Bg7 4. Nf3 O-O 5. g3 c6 6. Bg2 d5 7. cxd5 cxd5 8. Ne5
e6 9. O-O Nfd7 10. Nf3 Nf6 11. Ne5 Nfd7 12. Nf3 Nc6 13. e4 dxe4 14. Nxe4 Qb6
15. Qe2 e5 16. dxe5 Ndxe5 17. Nxe5 Bxe5 18. Nc3 Be6 19. Bh6 Bg7 20. Bxg7 Kxg7
21. Rfd1 Rad8 22. b3 Rxd1+ 23. Rxd1 Rd8 24. Bd5 Qa5 25. Bxe6 Rxd1+ 26. Qxd1
Qxc3 27. Bd5 b6 28. Bxc6 Qxc6 29. Qd3 h5 1/2-1/2

[Event "Geneva FIDE GP"]
[Site "Geneva"]
[Date "2017.07.06"]
[Round "1"]
[White "Giri, Anish"]
[Black "Radjabov, Teimour"]
[Result "0-1"]
[WhiteElo "2775"]
[BlackElo "2724"]
[Annotator "Radjabov,T"]
[PlyCount "80"]
[EventDate "2017.07.06"]
[EventType "swiss"]
[EventRounds "9"]
[EventCountry "SUI"]
[SourceTitle "CBM 180"]
[Source "ChessBase"]
[SourceDate "2017.09.13"]
[SourceVersion "1"]
[SourceVersionDate "2017.09.13"]
[SourceQuality "1"]

{Who would have thought that out of a so-called boring opening, we would get
into very sharp play at some point, I managed to outcalculate my opponent in
the sharp struggle. Anyway, let's look at the game!} 1. d4 Nf6 2. c4 e6 3. Nf3
d5 4. Nc3 Be7 5. Bf4 O-O 6. e3 Nbd7 7. c5 Nh5 8. Bd3 Nxf4 9. exf4 c6 $5 {
Not the most usual way to play this position, Black normally starts with ...b6.
Here Anish started to think longer, remembering what was the difference and he
remembered it right, but we considered the ensuing position as normal for
Black.} 10. Qc2 {Came after a long think.} h6 11. O-O Qc7 12. Ne5 {This idea
makes all the difference, otherwise the game would follow the normal path by
g3.} Nxe5 13. fxe5 Bd7 (13... b6 {instead of the text move deserves attention,
but we thought that it's a possible way for Black, not showing his cards
earlier than needed.}) 14. a3 {White can start with f4, b4 and so on.} b6 15.
b4 bxc5 16. bxc5 f6 17. f4 Rab8 {This was all going by my notes, Black should
not rush with ...f5 or ...f6xe5 and keep the tension in the centre as much as
he can. ...Qa5 comes next and White should decide what he is doing, Anish
spent a lot of time here, maybe around an hour!} 18. g3 Qa5 19. Ne2 {Here
Anish offered a draw, which in normal circumstances and normal time, I would
probably accept, but in these conditions where he had less time and probably
felt uncomfortable playing this position, I decided that it was my chance and
that I had to play on.} Be8 (19... Bc8 $5 {The computer's suggestion is
probably even easier, Black goes for ...Ba6 and the position is always good
for Black.}) 20. Bg6 $2 {This is already a real mistake, which came quite fast
from Giri, I did not expect this move. White should probably play calmly or go
for exf6} (20. h3 {I was expecting this more, but maybe exf6 is the right way
for White,}) (20. exf6 $1 Bxf6 21. g4 $1 {and even although the position is
unclear of course, White is by no means worse.}) 20... Bxg6 21. Qxg6 Qd2 $1 {
An important manoeuvre, the queen is very annoying on e3. Now Black has the
upper hand: around 1 hour more on the clock and all the pleasures of deciding
between the middlegame or pleasant endgames with the b-file occupied.} 22. Rf2
Qe3 {White is already in serious trouble practically; the centre is hanging
totally.} 23. Qg4 {I would call it a mistake if practically this would be easy
to face. I saw ...Kf7 here as well as ...Rf7, but I concentrated my
calculations on ...Kh8 and ...Kh7 somehow. I was sure I had to keep the queens
on, which is a mistake, but in the game it proved to be a crucial decision!} (
23. Rc1 {Practically maybe the way, but a very hard move to play, a3 is
hanging and even ...Qe4 secures a stable advantage for Black.} Qe4 $1 $15 (
23... Qxa3 24. Kg2 {with chances to save the game.})) 23... Kh7 $2 {This
played out nicely in the game but objectively it's a mistake.} ({I
miscalculated the line after} 23... Kf7 $5 {The most simple to play the
position without risk and just press for the rest of the game with easy plans
like ...Rb2-Rfb8 and Bd8-a5} 24. f5 (24. Qh5+ g6 $1 $17) (24. Qf3 Qxf3 25. Rxf3
Rb2 26. Nc1 Rfb8 $15) 24... fxe5 25. Qg6+ Kg8 $19) (23... Rf7 $5 {could have
been even stronger, but when I saw the line over the board, I could not
somehow believe it works. But it does!} 24. Qxe6 Rb2 25. Re1 Bd8 $1 {and here
I told my self why? Why go for this when I am not sure if it works or not, if
I have a stable advantage with ...Kh7 and ...Kf7.}) 24. Qxe6 Rbe8 25. a4 $4 {
Blunder. This came as a complete surprise, but in time pressure it's not easy
to make the right decisions. Anish probably missed the queen move that came
later.} (25. Qxc6 fxe5 26. Qxd5 exd4 27. Rd1 {Here in my calculations I saw
that I have ...Rd8 but thought that ...d3 was good, when White can just take
with the rook!!! and avoid the pin on the g1-a7 diagonal by ...Bxc5!} Rd8 (
27... d3 28. Rxd3 $1 {Of course!} (28. Qxd3+ Qxd3 29. Rxd3 Bxc5 $19)) 28. Qe5
Qxe5 29. fxe5 Bxc5 30. Rxf8 Bxf8 {Slightly better still, but it's not the kind
of convertible advantage.}) (25. Qf5+ {was also much better than the move in
the game:} Kh8 {I was planning this. I thought I was slightly better. But in
fact I have to make a draw.} (25... g6 26. Qd7 fxe5 27. Raf1 exd4 28. f5 {
and it ends in a draw, but Black should be accurate}) 26. e6 Bd8 27. Rd1 Rxe6
28. Rd3 Qe4 29. Qxe4 dxe4 30. Rb3 f5 $11) 25... fxe5 26. Qxe5 Qd3 $1 $19 {
Now the white queen is trapped and the position is hopeless due to the fact
that the knight on e2 and the d4-pawn together with White's king are extremely
weak and impossible to defend. Also the queen is almost trapped.} 27. Qh5 Bf6
28. Raf1 {Here it was maybe easier to play simple moves, but I thought I was
winning by force, which proved to be correct, otherwise ...Kg8 or ...Re3 or
some other move putting more pressure on White to make decisions, would be
just winning calmly.} g6 29. Qg4 h5 30. Qd7+ Re7 31. Qd6 {This is all forced!}
Kg7 $1 32. Nc1 Qf5 $1 {An important move, I was playing to trap the white
queen, which in the end was not successful, but White had to weaken his king
in order to protect the queen on d6.} 33. Rd1 {To play Re2 next and try to
rescue the queen.} Rfe8 $5 {But I was very excited by the idea of ...Bxd4!!} (
33... h4 $3 {The computer suggests this as easier, but probably any black move
is enough to win the game. It is impossible to play this position as White, d4
hanging, the king weak, the queen almost trapped and the knight is completely
out of play. There is nothing to do here with White, ...hxg3, ...Qh3 are
threatening.}) 34. Qxc6 Re1+ 35. Rf1 Bxd4+ $3 (35... Rxd1 36. Rxd1 Qc2 {
Possible but hard to know if it's completely winning.}) (35... Rxf1+ $5 36.
Rxf1 Bxd4+ 37. Kg2 Qe4+ 38. Kh3 Kh6 $3 $19 {and Black goes for ...Qf5, ...Re3
and ...h4 with a winning position.}) 36. Rxd4 Rxf1+ 37. Kxf1 (37. Kg2 Ree1 $19
(37... Qc2+ 38. Kh3 (38. Kxf1 Qxc1+ 39. Kg2 Re2+ 40. Kh3 Kh6 $19) 38... Rh1 $19
)) 37... Qh3+ 38. Kf2 Qxh2+ 39. Kf1 Qh1+ 40. Kf2 Re1 {White can't escape with
the king, ...Qf1 is threatening mate, or ...Qg1, ...Re3. I was very happy
about this game. Starting the tournament with a win is a great pleasure and
for a long time I had not had such a start! It proved to be important for my
overall result I think!} 0-1

[Event "Geneva FIDE GP"]
[Site "Geneva"]
[Date "2017.07.07"]
[Round "2"]
[White "Radjabov, Teimour"]
[Black "Eljanov, Pavel"]
[Result "1-0"]
[WhiteElo "2724"]
[BlackElo "2739"]
[Annotator "Yermolinsky,A"]
[PlyCount "81"]
[EventDate "2017.07.06"]
[EventType "swiss"]
[EventRounds "9"]
[EventCountry "SUI"]
[SourceTitle "CBM 180"]
[Source "ChessBase"]
[SourceDate "2017.09.13"]
[SourceVersion "1"]
[SourceVersionDate "2017.09.13"]
[SourceQuality "1"]

1. d4 Nf6 2. c4 e6 3. Nf3 b6 4. g3 Bb7 5. Bg2 Bb4+ 6. Bd2 Be7 7. Nc3 c6 8. e4
d5 9. exd5 $1 {A modern treatment of this well-known variation.} cxd5 10. Ne5
O-O 11. O-O Nc6 12. Bf4 {A relatively fresh idea.} (12. cxd5 Nxe5 13. d6 (13.
dxe5 Nxd5 14. Rc1 Nxc3 15. Bxc3 Bxg2 16. Kxg2 Qc8 17. Qf3 {leaves White with
only the smallest of advantages.}) 13... Nc6 14. dxe7 Qxe7 15. Bg5 h6 16. d5
Na5 $1 {Anand-Carlsen, WCh Sochi, 2014}) 12... Na5 13. Rc1 (13. Bg5 $5 {
is counterintuitive - why move the bishop again - but it brought White success
in van Wely-Tkachiev} Rc8 (13... Ba6 $5) 14. Bxf6 Bxf6 15. cxd5 Bxd5 16. Nxd5
exd5 17. Re1 $14) 13... dxc4 14. Bxb7 Nxb7 15. Nxc4 {This isn't your
Grandfather's IQP position. Seemingly White has committed a cardinal sin of
trading his light-squared bishop, but he's not playing for a kingside attack
just yet. Black has his own set of problems: an awkward Nb7 and general
weakness of the light squares caused by b7-b6.} Bb4 (15... Na5 16. Ne3 $1 {
aiming at d4-d5.}) 16. Bg5 $1 {It's all about the d5-square.} Nd6 17. Nxd6 Bxd6
({It's undertandable Pavel didn't want to weaken his king. Possible lines,
such as} 17... Qxd6 18. Bxf6 gxf6 19. Ne4 Qd8 20. Rc4 Be7 21. Nc3 Rc8 22. Ra4
$1 a5 23. d5 {did seem unnerving.}) 18. d5 $1 exd5 19. Nxd5 Be5 20. Bxf6 Bxf6
21. b4 {What we have here is a symmetrical pawn structure in a open position,
with Black supposedly keeping a better minor piece. So, why isn't this equal?
The answer to this mystery lies in the activity of the white pieces and
Black's struggles to find a safe square for his queen.} Qd6 ({Suppose, he does
everything by the book:} 21... g6 22. Qf3 Bg7 {hides the bishop,} 23. Rfd1 Qg5
{lets the queen out,} 24. h4 Qe5 25. Rc7 b5 {improves the queenside pawn
structure,} 26. Re7 Qd6 27. Rd7 $1 Qe5 28. Kg2 {and then what? Black is
practically out of moves. Sample lines to illustrate his problems are:} h5 (
28... a6 29. Nb6 Rab8 30. R7d5 Qe7 31. Nd7) (28... a5 29. bxa5 Rxa5 30. Ne7+
Kh8 31. Nc6) 29. Re7 Qd6 30. Rb7 Qe5 31. a3 $1 ({not even} 31. Rxb5) 31... Rae8
32. Rxb5 {with a decisive advantage for White everywhere.}) 22. Qf3 Rac8 23.
Rcd1 $1 {There was no way that Teimour was going to trade rooks.} Rfe8 24. b5
$6 {The one and only inaccuracy by Radjabov until time trouble.} ({Instead,
the prophylactic} 24. Kg2 $1 {would pose an interesting dilemma to his
opponent: should Black just stay put or should he attempt a bailout?} Be7 $5
25. Rfe1 Bf8 26. Ne7+ Bxe7 27. Rxd6 Bxd6 28. Rxe8+ Rxe8 29. Qc6 Re6 30. Qa8+
Bf8 31. a3 Re7 {Can this be held? White will certainly try his best.}) 24...
Be7 25. Rd4 (25. Rfe1 Bf8 26. Ne7+ $4 {now meets with} Rxe7 27. Rxd6 Rxe1+ 28.
Kg2 Bxd6 $19) 25... Bf8 26. Rfd1 Rc5 $2 {An unfortunate idea.} ({It was high
time to work out a queen trade,} 26... Qe6 27. Kg2 (27. Rg4 Qe2) 27... Qe2 28.
Ra4 Qxf3+ 29. Kxf3 {and Black doesn't have to fear losing the a-pawn:} Rc5 ({or
} 29... Rc2 30. Rxa7 Bc5 31. Ne3 Rc3) 30. Rxa7 Rxb5 31. Nc7 Rf5+ 32. Kg4 Ree5
$11) 27. a4 Qe6 28. Rg4 Kh8 ({Black falls victim to the back rank weakness
after} 28... Qe2 $2 29. Qxe2 Rxe2 30. Nf6+ Kh8 31. Rd8) 29. Rf4 Kg8 30. h4 Rc2
31. Kg2 h6 32. h5 {Pavel seemed to have run out of useful moves, and, possibly,
the clock had become an issue as well.} Rcc8 33. Rdd4 $3 {Powerful
centralisation, reminiscent of the classic game Spassky-Fischer, Mar del Plata
1960.} Bc5 34. Rde4 Qd7 35. Rg4 $1 Kf8 (35... Kh8 36. Nf6) 36. Ref4 {A little
hesitation that spoils it a bit.} ({Already,} 36. Rxg7 $1 {was decisive:} Rxe4
(36... Kxg7 37. Qc3+ f6 38. Nxf6) 37. Rg8+ $1 Kxg8 38. Nf6+ Kg7 39. Nxd7 Re6
40. Qg4+ Kh7 41. Ne5 $1 Rxe5 42. Qxc8 Rxh5 43. Qd7 Kg6 44. f4 {and the rest is
automatic.}) 36... Bd6 ({Pavel's best chance was} 36... Red8 37. Rxf7+ Qxf7 38.
Rf4 Rd7 39. Rxf7+ Rxf7 40. Nf4 Kg8 41. Qd5 Re8 {White should win, but it would
take some time.}) 37. Rd4 (37. Rxg7 $1 Bxf4 38. Rg8+ {the same motif again.})
37... Qb7 38. Rxg7 $1 {Finally Teimour lands a mortal blow.} Be5 (38... Kxg7
39. Rg4+ Kf8 40. Rg8+ Kxg8 41. Nf6+ Kf8 42. Qxb7 Rc7 43. Qd5 Re6 44. Qa8+ Kg7
45. Ne8+) 39. Rg8+ Kxg8 40. Nf6+ Bxf6 41. Rg4+ {Despite the uncertain finish,
this game is a masterpiece by Radjabov.} 1-0